|
|
|
|
| LEADER |
00000nac a2200000 a 4500 |
| 003 |
Ucuenca |
| 005 |
20230308221409.0 |
| 008 |
016012|1987 pe |||||r|||||||||||spa|| |
| 040 |
|
|
|b spa
|
| 041 |
0 |
|
|a spa
|
| 082 |
0 |
|
|a 498.3
|
| 100 |
1 |
|
|a Cerrón Palomino, Rodolfo
|9 123515
|
| 245 |
|
|
|a Lingüística quechua
|c Rodolfo Carrion-Palomino
|h imp
|
| 264 |
|
|
|a Cuzco
|b Centro de Estudios Rurales Andinos
|c 1987
|
| 300 |
|
|
|a 426 páginas:
|c 24 cm
|
| 504 |
|
|
|a incl. ref.
|
| 505 |
0 |
|
|a Lingüísitca quechua -- Area geográfica del quechua -- Reconstrucción -- Fonología -- Morfología -- Sincronía -- Esbozo gramatical.
|
| 650 |
|
0 |
|a Gramática
|9 7307
|
| 650 |
|
0 |
|a Fonología
|9 22021
|
| 650 |
|
0 |
|a Quechua
|9 7559
|
| 653 |
|
|
|a LENGUAS
|
| 852 |
|
|
|a UC-CDJBV
|f Donación
|l 1
|m General
|p 20160128
|q 1.00
|r 2
|t si11503
|b 0
|d CDRC
|e CDRC
|g 498.3 ESTANTERIA CERRADA
|z 2016-60-12
|
| 856 |
|
|
|a http://sibuc.ucuenca.edu.ec/portada/si11503-cdj.jpg
|
| 942 |
|
|
|c CR
|2 ddc
|z ivan.verdugo@ucuenca.edu.ec
|
| 999 |
|
|
|c 136798
|d 136798
|